Suicidio : il racconto di Sergej Petrovič /

Shranjeno v:
Bibliografske podrobnosti
Glavni avtor: Andreev, Leonid Nikolaevič (Author)
Format: Knjiga
Jezik:italijanščina
Izdano: Viterbo : Nuovi equilibri/Stampa alternativa, 1997
Serija:Millelire ; 19
Oznake: Označite
Brez oznak, prvi označite!

MARC

LEADER 00000nam a2200000 i 4500
001 IT\ICCU\CFI\0380325
003 ItRI
005 20260115231921.0
008 980404s1997 it |||||| ||||| |||||c
015 |2 IT  |a 98-8085 
020 |a 8872263689 
040 |b ita  |c importazione bologna sebina 
041 7 |a ita  |2 ISO-639-2 
082 |a 891.733  |9 Narrativa russa. 1800-1917  |2 20 
100 1 |a Andreev, Leonid Nikolaevič  |0 IT\ICCU\CFIV\034240  |4 aut 
240 1 0 |a Rasskaz o Sergee Petroviče.  |3 IT\ICCU\CFI\0383883  |9 Andreev, Leonid Nikolaevič 
245 1 0 |a Suicidio :  |b il racconto di Sergej Petrovič /  |c Leonid Andreev. 
260 |a Viterbo :  |b Nuovi equilibri/Stampa alternativa,  |c 1997 
300 |a 58 p. ;  |c 15 cm 
500 |a Trad. di Paolo Galvagni. 
790 1 |a Andreev, Leonid Nikolaevich  |3 IT\ICCU\CFIV\155043  |z Andreev, Leonid Nikolaevič 
790 1 |a Andreev, Leonid  |3 IT\ICCU\CFIV\034242  |z Andreev, Leonid Nikolaevič 
790 1 |a Andreief, Leonida  |3 IT\ICCU\NAPV\122286  |z Andreev, Leonid Nikolaevič 
790 1 |a Andreieff, Leonida  |3 IT\ICCU\CFIV\155048  |z Andreev, Leonid Nikolaevič 
790 1 |a Andreiev, Leonida  |3 IT\ICCU\VEAV\054360  |z Andreev, Leonid Nikolaevič 
790 1 |a Andreiev, Leonide  |3 IT\ICCU\NAPV\190488  |z Andreev, Leonid Nikolaevič 
790 1 |a Andrejef, Leonida  |3 IT\ICCU\CFIV\155046  |z Andreev, Leonid Nikolaevič 
790 1 |a Andrejev, Leonid  |3 IT\ICCU\TSAV\372547  |z Andreev, Leonid Nikolaevič 
790 1 |a Andrejew, Leonid  |3 IT\ICCU\RAVV\421580  |z Andreev, Leonid Nikolaevič 
790 1 |a Andreyeff, Leonida  |3 IT\ICCU\MILV\331088  |z Andreev, Leonid Nikolaevič 
790 1 |a Andréyev, Leonid  |3 IT\ICCU\SBNV\108418  |z Andreev, Leonid Nikolaevič 
790 1 |a Andreyew, Leonida  |3 IT\ICCU\CFIV\155047  |z Andreev, Leonid Nikolaevič 
830 0 |a Millelire ;  |v 19  |0 IT\ICCU\RAV\0186200 
942 |2 ddc  |c BK  |n 0 
952 |0 0  |1 0  |4 0  |6 DOC_891_733000000000000_AND  |7 0  |9 16428  |a BO  |b BO  |d 2026-01-15  |i 11571  |l 0  |o DOC 891.733 AND  |p BO11571  |r 2026-01-15 23:19:21  |w 2026-01-15  |x [Sebina 5] [1 v.]  |y BK  |z 1 v. 
999 |c 14089  |d 14089